000 00609nam a22001937a 4500
005 20260225085019.0
008 260225b ||||| |||| 00| 0 eng d
020 _a0760748292
040 _cSSBUL
082 _223
_a294.309 Sk
_b23889 S-KRN
100 1 _aSkilton, Andrew.
_925163
245 1 2 _aA concise history of Buddhism /
_cAndrew Shilton;
260 _aBirmingham:
_bWindhorse Publications,
_c1994.
300 _a263 pages:
_bmaps;
_c23 cm.
500 _aS-KRN: Prof. K. R. Norman
504 _6Includes bibliographical references and index.
650 _aBuddhism
_vHistory.
_937099
942 _2ddc
_cBK1
999 _c47744
_d47744